LEADER 00900nam0-2200265 --450 001 9910596398903321 005 20221021182559.0 010 $a9783967280050 100 $a20221021d2020----kmuy0itay5050 ba 101 0 $aspa 102 $aDE 105 $a 001yy 200 1 $aA?mbitos arti?sticos y literarios de sociabilidad en los Siglos de Oro$fElena Marti?nez Carro y Alejandra Ulla Lorenzo (eds.) 210 $aKassel$cEdition Reichenberger$d2020 215 $a380 p.$d24 cm 225 1 $aTeatro del siglo de oro. Estudios de literatura$v141 702 1$aUlla Lorenzo,$bAlejandra 702 1$aMartinez Carro,$bElena 801 0$aIT$bUNINA$gREICAT$2UNIMARC 901 $aBK 912 $a9910596398903321 952 $a860.9003 CARE 01$b2021/4497$fFLFBC 959 $aFLFBC 996 $aA?mbitos arti?sticos y literarios de sociabilidad en los Siglos de Oro$92950270 997 $aUNINA LEADER 01131nam0 22002771i 450 001 UON00483769 005 20231205105259.888 100 $a20171214d1990 |0itac50 ba 101 $aita 102 $aIT 105 $a|||| ||||| 200 1 $aFuga dalla verità$fGeoffrey Reginald Gilchris Mure$gintroduzione , traduzione e note di Rita melillo 210 $aNapoli$cLoffredo$d1990 215 $a303 p.$d21 cm. 312 $aTit. orig.$9UON00483770 410 1$1001UON00295847$12001 $aDefinizioni$ecollana di studi filosofici$1210 $aNapoli$cLoffredo.$v9 500 0$3UON00483770$aRetreat from Truth, 1958$91740531 606 $aEMPIRISMO$3UONC049550$2FI 620 $aIT$dNapoli$3UONL000012 700 0$aMURE, Geofrey Reginald Gilchris MURE$3UONV237394$0783518 801 $aIT$bSOL$c20240220$gRICA 899 $aSIBA - SISTEMA BIBLIOTECARIO DI ATENEO$2UONSI 912 $aUON00483769 950 $aSIBA - SISTEMA BIBLIOTECARIO DI ATENEO$dSI FS 06337 $eSI FP 11209 5 996 $aRetreat from Truth, 1958$91740531 997 $aUNIOR